| 000 | 01807nam a22003017a 4500 | ||
|---|---|---|---|
| 001 | 5430 | ||
| 003 | FISKH | ||
| 005 | 20241206111958.0 | ||
| 008 | 241206b cb ||||| |||| 00| 0 eng d | ||
| 020 | _a9780545621212 | ||
| 040 |
_aFISKH _beng _cFISKH _dFISKH |
||
| 050 | _aPS3573.R493 | ||
| 082 | _a813.54 | ||
| 100 | _aWright, Barbara | ||
| 245 |
_aCrow / _cby Barbara Wright |
||
| 250 | _aFirst Scholastic printing, October 2013 | ||
| 260 |
_aNew York : _bScholastic ; _c2012. |
||
| 300 |
_a296 pages : _billustrations ; _c20 cm . |
||
| 505 | _aS | ||
| 520 | _aThe summer of 1898 is filled with ups and downs for 11-year-old Moses. He's growing apart from his best friend, his superstitious Boo-Nanny butts heads constantly with his pragmatic, educated father, and his mother is reeling from the discovery of a family secret. Yet there are good times, too. He's teaching his grandmother how to read. For the first time she's sharing stories about her life as a slave. And his father and his friends are finally getting the respect and positions of power they've earned in the Wilmington, North Carolina, community. But not everyone is happy with the political changes at play and some will do anything, including a violent plot against the government, to maintain the status quo. One generation away from slavery, a thriving African American community--enfranchised and emancipated--suddenly and violently loses its freedom in turn of the century North Carolina when a group of local politicians stages the only successful coup d'etat in US history. | ||
| 521 | 8 |
_a800
_bLexile |
|
| 521 | 8 |
_aS
_bRaz-Plus |
|
| 650 |
_aNorth Carolina _vFiction |
||
| 650 |
_aReconstruction _vFiction |
||
| 700 |
_aRodriguez, Edel _eillustrator |
||
| 942 |
_2ddc _cBK _n0 |
||
| 999 |
_c5430 _d5430 |
||